000 01375nam a22003497a 4500
003 CHAP
005 20220329142342.0
008 000912d2000 mx rs o00110 spa d
010 _a82201
011 _a83173
020 _a970-13-2933-3
020 _a9701329325
035 _a93683
040 _cCHAP
082 0 4 _a336.72
_bI51 1988-98
110 2 _aInstituto Nacional de Estadística, Geografía e Informática. México
_959304
245 1 0 _aSistema de cuentas nacionales de México :
_bcuentas de bienes y servicios 1988-1998
_c/por Instituto Nacional de Estadística, Geografía e Informática
260 _aAguascalientes, Ags. :
_bInstituto Nacional de Estadística, Geografía e Informática,
_cc.2000.
300 _a2 v.
_bgráfs. ; cuadros
590 _aBATCH-UPD
_b10
_c20130110
_lUCH01
_h1716
590 _aBATCH-UPD
_b10
_c20130410
_lUCH01
_h1101
590 _aBATCH-UPD
_b10
_c20130914
_lUCH01
_h1410
590 _aCONVERSION
_b10
_c20130109
_lUCH01
_h1346
650 1 4 _aFinanzas públicas
_zMéxico.
_940975
650 1 4 _aIngresos
_xContabilidad.
_958368
650 1 4 _aServicios
_9105327
901 _aBK
905 _aPatricia Mendoza P.
942 _cLIBRO
949 _a336.72 I51 1988-98
_bBC
_cINEGI
_d33724000791620
_eINEGI
_fv.1
_h98400
_i93683
_kDonaciØn
_sb
949 _a336.72 I51 1988-98
_bBC
_cINEGI
_d33724000791737
_eINEGI
_fv.2
_h98401
_i93683
_kDonaciØn
_sb
999 _c82201
_d82201